000 00443nam a2200145Ia 4500
008 100122s9999 xx 000 0 und d
082 _b26881
_a823
100 _aनरवणे सुधा
245 _aसरणं गच्छामि
260 _bआनंद अनंत अंतरकर
_c1978
300 _a176
630 _aसरणं गच्छामि
730 _aसरणं गच्छामि
942 _cBOOK
999 _c413240
_d413237